| 000 | 00473pab a2200181 454500 | ||
|---|---|---|---|
| 008 | 180718b2014 xxu||||| |||| 00| 0 eng d | ||
| 100 | _aCadena, Brian C. | ||
| 245 | _aRecent immigrants as labor market arbitrageurs: Evidence from the minimum wage | ||
| 260 | _c2014 | ||
| 300 | _ap.1-12. | ||
| 362 | _aMar | ||
| 650 | _aLabour market | ||
| 650 | _aImmigration | ||
| 650 | _aMinimum wage | ||
| 773 | _aJournal of Urban Economics | ||
| 908 | _aN | ||
| 909 | _a104816 | ||
| 999 |
_c104811 _d104811 |
||